000 00311nam a22001337a 4500
008 170418b xxu||||| |||| 00| 0 eng d
020 _a9780397548866
041 _aeng
080 _2 4 ED
_a579
100 _a11
101 _aSHM
245 _aMICROBIOLOGY HEALTH SCIENCES
_cBURTON.G.R.W
942 _2udc
_cBK
999 _c10984
_d10984